River intakes and diversion dams /
Gespeichert in:
| 1. Verfasser: | |
|---|---|
| Format: | Buch |
| Sprache: | Englisch |
| Veröffentlicht: |
Amsterdam :
Elsevier,
1989
|
| Schriftenreihe: | Developments in civil engineering
25 |
| Tags: |
Keine Tags, Fügen Sie das erste Tag hinzu!
|
MARC
| LEADER | 00000nam a22000003a 4500 | ||
|---|---|---|---|
| 001 | stu29033 | ||
| 005 | 20150617225738.0 | ||
| 008 | 950522s1989----ne------------------eng-d | ||
| 020 | |a 0-444-87315-5 | ||
| 040 | |a STU |b slo | ||
| 041 | 0 | |a eng | |
| 044 | |a ne | ||
| 080 | |a 556.34 | ||
| 080 | |a 628.2 |7 stu_us_auth*stu3661 | ||
| 100 | 1 | |a Razvan, Ernest |4 aut | |
| 245 | 1 | |a River intakes and diversion dams / |c [aut]Razvan,Ernest | |
| 260 | |a Amsterdam : |b Elsevier, |c 1989 | ||
| 300 | |a 14,508 s | ||
| 830 | 0 | |a Developments in civil engineering |v 25 | |
| 996 | |b 284V028100 |c V*43352/O-18753 |l VVT |s A |a 24 |w stu29033_0001 | ||